000 01249aam a2200325 i 4500
001 768714001
003 CO-MdFUSB
005 20260116114113.0
007 ta
008 260116t2009 -us |||| |||| 00| 0 spa d
020 _a978-8297-5571-8
040 _cCO-MdFUSB
041 _aspa
082 _223
_a001.4215
_bW3731
100 1 _aWeber de Vyhmeister, Nancy
_eautor
245 1 0 _aManual de investigación teológica
_c/ Nancy Weber de Vyhmeister
264 1 _bVida,
_aMiami, Florida :
_c[2009]
264 4 _c©2009
300 _a336 páginas
_c; 23 cm
336 _atexto
_btxt
_2rdacontent
337 _2rdamedia
_asin mediación
_bn
338 _2rdacarrier
_avolumen
_bnc
490 _aBiblioteca Teológica Vida
505 0 _a¿Qué es la investigación? -- Tipos de investigación en la educación teológica. -- Exégesis bíblica. -- Investigación temática. -- Investigación descriptiva. -- Recursos y técnicas para la investigación. -- La biblioteca. -- Internet en la investigación. -- La forma de pensar en la investigación. -- Formato del trabajo de investigación.
563 _aRústico
650 1 7 _aInvestigación
_2embne
_96999
653 _aMetodología de la investigación
942 _cBK
945 _aJTF-925
999 _c42642
_d42642